LIBRARY & INFORMATION CENTRE, KCAET, TAVANUR

ONLINE PUBLIC ACCESS CATALOGUE (OPAC)

Plays retold : Victioria queen of England / (Record no. 506)

MARC details
000 -LEADER
fixed length control field 00491cam a2200193ua 4500
041 ## - LANGUAGE CODE
Language code of text/sound track or separate title eng
082 ## - DEWEY DECIMAL CLASSIFICATION NUMBER
Classification number 822
Item number LAU/PL
100 ## - MAIN ENTRY--AUTHOR NAME
Personal name Housman, Laurence .
245 ## - TITLE STATEMENT
Title Plays retold : Victioria queen of England /
260 ## - PUBLICATION, DISTRIBUTION, ETC. (IMPRINT)
Place of publication London :
Name of publisher Oxford University Press ,
Year of publication 1964.
300 ## - PHYSICAL DESCRIPTION
Number of Pages 121 ; .
650 ## - SUBJECT ADDED ENTRY--TOPICAL TERM
Topical Term Drama
942 ## - ADDED ENTRY ELEMENTS (KOHA)
Koha item type Books
Holdings
Withdrawn status Lost status Damaged status Home library Current library Date acquired Cost, normal purchase price Full call number Accession Number Koha item type Public note
Withdrawn   Damaged KAUAET KAUAET 07/04/2012   822 11170 Books  
Withdrawn     KAUAET Sanskrit University 07/04/2012 4.00 822 6641 Books Transferred to Sanskrit University
free website counter